Contemporary business statistics / (Record no. 26624)
[ view plain ]
| 000 -LEADER | |
|---|---|
| fixed length control field | 01689cam a22004575a 4500 |
| 001 - CONTROL NUMBER | |
| control field | 013526916 |
| 003 - CONTROL NUMBER IDENTIFIER | |
| control field | EG-ScBUE |
| 005 - DATE AND TIME OF LATEST TRANSACTION | |
| control field | 20210622105922.0 |
| 006 - FIXED-LENGTH DATA ELEMENTS--ADDITIONAL MATERIAL CHARACTERISTICS--GENERAL INFORMATION | |
| fixed length control field | m||||fq||h 00| 0 |
| 008 - FIXED-LENGTH DATA ELEMENTS--GENERAL INFORMATION | |
| fixed length control field | 060609u2009 au a f 001 0 eng d |
| 020 ## - INTERNATIONAL STANDARD BOOK NUMBER | |
| International Standard Book Number | 9780324584486 |
| 020 ## - INTERNATIONAL STANDARD BOOK NUMBER | |
| International Standard Book Number | 0324584482 |
| 020 ## - INTERNATIONAL STANDARD BOOK NUMBER | |
| International Standard Book Number | 9780324662368 |
| 020 ## - INTERNATIONAL STANDARD BOOK NUMBER | |
| International Standard Book Number | 032466236X |
| 040 ## - CATALOGING SOURCE | |
| Original cataloging agency | StDuBDS |
| Language of cataloging | eng |
| Description conventions | rda |
| Transcribing agency | StDuBDS |
| Modifying agency | Uk |
| -- | EG-ScBUE |
| 082 04 - DEWEY DECIMAL CLASSIFICATION NUMBER | |
| Classification number | 519.502465 |
| Item number | WIL |
| Edition number | 22 |
| 100 1# - MAIN ENTRY--PERSONAL NAME | |
| Personal name | Williams, Thomas A. |
| Fuller form of name | (Thomas Arthur), |
| Dates associated with a name | 1944- |
| Relator term | aurthor. |
| 245 10 - TITLE STATEMENT | |
| Title | Contemporary business statistics / |
| Statement of responsibility, etc | Thomas A. Williams, Rochester Institute of Technology, Dennis J. Sweeney, University of Cincinnati, David R. Anderson, University of Cincinnati. |
| 250 ## - EDITION STATEMENT | |
| Edition statement | Third edition, |
| Remainder of edition statement | International student edition. |
| 264 #1 - PUBLICATION, DISTRIBUTION, ETC. (IMPRINT) | |
| Place of publication, distribution, etc | New Zealand, Australia : |
| Name of publisher, distributor, etc | South Western, Cengage Learning, |
| Date of publication, distribution, etc | [2009] |
| 264 #4 - PUBLICATION, DISTRIBUTION, ETC. (IMPRINT) | |
| Date of publication, distribution, etc | c2009 |
| 300 ## - PHYSICAL DESCRIPTION | |
| Extent | xxviii, 940 p.ages : |
| Other physical details | illustrations ; |
| Dimensions | 26 cm. + |
| Accompanying material | 1 CD |
| 336 ## - CONTENT TYPE | |
| Source | rdacontent |
| Content type term | text |
| Content type code | txt |
| 336 ## - CONTENT TYPE | |
| Source | rdacontent |
| Content type term | sounds |
| Content type code | snd |
| 337 ## - MEDIA TYPE | |
| Source | rdamedia |
| Media type term | unmediated |
| Media type code | n |
| 337 ## - MEDIA TYPE | |
| Source | rdamedia |
| Media type term | audio |
| Media type code | s |
| 338 ## - CARRIER TYPE | |
| Source | rdacarrier |
| Carrier type term | volume |
| Carrier type code | nc |
| 338 ## - CARRIER TYPE | |
| Source | rdacarrier |
| Carrier type term | computer disc |
| Carrier type code | cd |
| 500 ## - GENERAL NOTE | |
| General note | Previous ed.: Mason, Ohio.: Thomson/South-Western, 2004. |
| 500 ## - GENERAL NOTE | |
| General note | Includes index. |
| 500 ## - GENERAL NOTE | |
| General note | Includes appendices. |
| 630 07 - SUBJECT ADDED ENTRY--UNIFORM TITLE | |
| Uniform title | Microsoft Excel (Computer file) |
| Source of heading or term | BUEsh |
| 9 (RLIN) | 4503 |
| 650 #7 - SUBJECT ADDED ENTRY--TOPICAL TERM | |
| Topical term or geographic name as entry element | Commercial statistics. |
| Source of heading or term | BUEsh |
| 9 (RLIN) | 802 |
| 651 ## - SUBJECT ADDED ENTRY--GEOGRAPHIC NAME | |
| Source of heading or term | BUEsh |
| 653 ## - INDEX TERM--UNCONTROLLED | |
| Resource For college | Generalities |
| -- | BAEPS, Business Administration |
| Arrived date list | May2018 |
| 655 ## - INDEX TERM--GENRE/FORM | |
| Form subdivision | Reading book |
| 9 (RLIN) | 34232 |
| 700 1# - ADDED ENTRY--PERSONAL NAME | |
| Personal name | Anderson, David Ray, |
| Dates associated with a name | 1941- |
| Relator term | author. |
| 700 1# - ADDED ENTRY--PERSONAL NAME | |
| Personal name | Sweeney, Dennis J., |
| Relator term | author. |
| 942 ## - ADDED ENTRY ELEMENTS (KOHA) | |
| Source of classification or shelving scheme | Dewey Decimal Classification |
| Koha item type | Book - Borrowing |
| Withdrawn status | Lost status | Source of classification or shelving scheme | Damaged status | Not for loan | Home library | Current library | Shelving location | Date acquired | Total Checkouts | Full call number | Barcode | Date last seen | Price effective from | Koha item type | Materials specified (bound volume or other part) | Collection code | Source of acquisition |
|---|---|---|---|---|---|---|---|---|---|---|---|---|---|---|---|---|---|
| Dewey Decimal Classification | Central Library | Central Library | First floor | 02/05/2018 | 519.502465 WIL | 000047680 | 15/07/2025 | 02/05/2018 | Book - Borrowing | ||||||||
| Dewey Decimal Classification | Central Library | Central Library | First floor | 02/05/2018 | 519.502465 WIL | 000047681 | 24/08/2022 | 02/05/2018 | CD | DVD - With book | Lost In Inventory_2018-08-12 | |||||||
| Dewey Decimal Classification | Central Library | Central Library | First floor | 22/06/2021 | 519.502465 WIL | 000050362 | 15/07/2025 | 22/06/2021 | Book - Borrowing | Donation-Gift | Donation | ||||||
| Dewey Decimal Classification | Central Library | Central Library | First floor | 22/06/2021 | 519.502465 WIL | 000050363 | 24/08/2022 | 22/06/2021 | CD | DVD - With book | Donation-Gift | Donation |